000 00251nam a2200109Ia 4500
008 220624s9999 xx 000 0 und d
020 _a0 7090 5190 5
082 _aEF WHI
100 _aWHITE JAMES GORDON
_9125938
245 0 _aGOLD FURY
942 _cBK
_w561
_xJohn Tresidder
_y561
_zJohn Tresidder
999 _c688575
_d688574